[Event "South Wales New Year 2019"]
[Site "Bridgend"]
[Date "2019.01.04"]
[Round "1.1"]
[White "Bevan, Peter M"]
[Black "Toczek, Grzegorz"]
[Result "0-1"]
[WhiteElo "1899"]
[BlackElo "2263"]
[PlyCount "146"]
[EventDate "2019.01.04"]
[EventType "swiss"]
[EventRounds "5"]
[EventCountry "WLS"]
[SourceDate "2019.01.05"]

1. Nf3 c5 2. c4 Nf6 3. Nc3 d5 4. cxd5 Nxd5 5. g3 Nc6 6. Bg2 Nc7 7. Qa4 Bd7 8.
Qh4 e5 9. Qxd8+ Rxd8 10. d3 Be7 11. O-O O-O 12. Be3 b6 13. a4 f6 14. Nd2 Nb4
15. Rfc1 Bc8 16. a5 Ncd5 17. axb6 axb6 18. Ra7 Rf7 19. Nc4 Be6 20. Nxd5 Nxd5
21. Bxd5 Bxd5 22. Nxb6 Be6 23. Na4 Rb8 24. Bxc5 Bxc5 25. Rxf7 Bxf2+ 26. Kxf2
Bxf7 27. b4 Be8 28. Nc5 Rxb4 29. Ne4 Rd4 30. Rc8 Kf7 31. Nd2 Rd7 32. Nc4 Ke7
33. Nb6 Rb7 34. Nc4 Bf7 35. Rc5 Be6 36. Ke3 Ra7 37. Na5 Kf7 38. d4 exd4+ 39.
Kxd4 Kg6 40. Ke3 Bg4 41. Nc6 Rd7 42. Rd5 Rb7 43. Rd2 h5 44. Kf2 Bh3 45. Rd1 Rb2
46. Nd4 Bg4 47. Ke3 Bc8 48. Kf2 Kg5 49. Nf3+ Kh6 50. h4 Bg4 51. Ra1 Kg6 52. Rc1
Ra2 53. Rb1 Bc8 54. Rd1 Be6 55. Nd4 Bc4 56. Re1 Ra4 57. Rd1 Kf7 58. Ke3 g5 59.
hxg5 fxg5 60. Nf3 Kf6 61. Rd6+ Kf5 62. Nd4+ Kg4 63. Kf2 Ra2 64. Rc6 Bd5 65. Rc1
Rb2 66. Ra1 Bb7 67. Ra4 h4 68. gxh4 Kxh4 69. Nf3+ Kh5 70. Ra5 Bxf3 71. Kxf3 Kh4
72. Ra4+ Kh3 73. Rg4 Rb3+ 0-1

[Event "South Wales New Year 2019"]
[Site "Bridgend"]
[Date "2019.01.04"]
[Round "1.2"]
[White "Kett, Tim"]
[Black "May, Adam J"]
[Result "1/2-1/2"]
[WhiteElo "2209"]
[BlackElo "1894"]
[PlyCount "54"]
[EventDate "2019.01.04"]
[EventType "swiss"]
[EventRounds "5"]
[EventCountry "WLS"]
[SourceDate "2019.01.05"]

1. e4 c6 2. d4 d5 3. exd5 cxd5 4. c4 Nf6 5. Nc3 Nc6 6. Nf3 g6 7. cxd5 Nxd5 8.
Qb3 Nxc3 9. Bc4 Nd5 10. Bxd5 e6 11. Bxc6+ bxc6 12. O-O Qd5 13. Qc3 f6 14. Bf4
Be7 15. Rac1 Bd7 16. a3 g5 17. Bg3 h5 18. h4 g4 19. Ne1 c5 20. dxc5 Bb5 21. c6
Bxf1 22. Kxf1 Kf7 23. Nd3 e5 24. Bxe5 fxe5 25. Nxe5+ Kg7 26. Nxg4+ Kg6 27. Ne3
Qe4 1/2-1/2

[Event "South Wales New Year 2019"]
[Site "Bridgend"]
[Date "2019.01.04"]
[Round "1.3"]
[White "Borkowski, J Andrew"]
[Black "Heap, Gerry"]
[Result "0-1"]
[WhiteElo "1835"]
[BlackElo "2103"]
[PlyCount "70"]
[EventDate "2019.01.04"]
[EventType "swiss"]
[EventRounds "5"]
[EventCountry "WLS"]
[SourceDate "2019.01.05"]

1. d4 Nf6 2. Nf3 g6 3. e3 Bg7 4. c4 c5 5. a3 cxd4 6. exd4 d5 7. c5 O-O 8. Be2
b6 9. b4 a5 10. Bb2 Ne4 11. Nc3 Na6 12. cxb6 axb4 13. axb4 Nxc3 14. Bxc3 Qxb6
15. b5 Nc7 16. Rxa8 Nxa8 17. Qb3 Qe6 18. Qb2 Nb6 19. Qc2 Bd7 20. O-O Rc8 21.
Re1 Qd6 22. Qd2 Nc4 23. Bxc4 Rxc4 24. Rb1 Bf5 25. Rb2 Qa3 26. Bb4 Qa1+ 27. Ne1
Bxd4 28. Ra2 Qc1 29. Bxe7 Qxd2 30. Rxd2 Rc1 31. Re2 Bc3 32. b6 Bc8 33. Bd8
Rxe1+ 34. Rxe1 Bxe1 35. Kf1 Bb4 0-1

[Event "South Wales New Year 2019"]
[Site "Bridgend"]
[Date "2019.01.04"]
[Round "1.4"]
[White "Sands, David A"]
[Black "Turner, Joseph David"]
[Result "1-0"]
[WhiteElo "2086"]
[BlackElo "1862"]
[PlyCount "127"]
[EventDate "2019.01.04"]
[EventType "swiss"]
[EventRounds "5"]
[EventCountry "WLS"]
[SourceDate "2019.01.05"]

1. d4 Nf6 2. c4 g6 3. Nc3 Bg7 4. e4 d6 5. Be2 O-O 6. Bg5 Nc6 7. d5 Ne5 8. Nf3
h6 9. Bd2 e6 10. O-O g5 11. Nxe5 dxe5 12. Be3 b6 13. Rc1 Qe7 14. Re1 Rd8 15.
Qc2 Ne8 16. f3 f5 17. exf5 exf5 18. Bf2 Bd7 19. Bd3 Qf8 20. Ne2 f4 21. Nc3 c5
22. dxc6 Bxc6 23. Be4 Rac8 24. Bxc6 Rxc6 25. Qa4 Rc7 26. Nb5 Rb7 27. b4 Nc7 28.
Nxc7 Rxc7 29. c5 Rdc8 30. c6 Qd6 31. b5 h5 32. Qc4+ Kh8 33. Red1 Qe7 34. Qd3
Rg8 35. Qg6 h4 36. h3 Rd8 37. Rxd8+ Qxd8 38. Qc2 Qd5 39. a4 Bf8 40. Rd1 Qe6 41.
Rd8 Kg7 42. Qd3 Be7 43. Qd5 Qxd5 44. Rxd5 Kf6 45. Kf1 Ke6 46. Rd1 Bb4 47. Ke2
Ba3 48. Kd3 Kd6 49. Kc4+ Ke6 50. Be1 Bc5 51. Rd8 Be7 52. Rd3 Bc5 53. Bc3 Be3
54. Rd5 Kf5 55. Rxe5+ Kg6 56. Kd5 Bc5 57. Ke4 Rc8 58. Rd5 Re8+ 59. Be5 Rc8 60.
Rd7 a6 61. c7 axb5 62. axb5 Ra8 63. Kd5 Ra2 64. c8=Q 1-0

[Event "South Wales New Year 2019"]
[Site "Bridgend"]
[Date "2019.01.04"]
[Round "1.5"]
[White "Howells, Chris"]
[Black "Bullen, Alex"]
[Result "0-1"]
[WhiteElo "1834"]
[BlackElo "2081"]
[PlyCount "38"]
[EventDate "2019.01.04"]
[EventType "swiss"]
[EventRounds "5"]
[EventCountry "WLS"]
[SourceDate "2019.01.05"]

1. c4 e6 2. Nc3 d5 3. cxd5 exd5 4. d4 Nf6 5. Bg5 Nbd7 6. e3 c6 7. Bd3 Be7 8.
Nf3 h6 9. Bh4 Ne4 10. Bxe7 Qxe7 11. O-O Ndf6 12. Qc2 O-O 13. Rab1 a5 14. a3 Re8
15. b4 axb4 16. axb4 Ng4 17. Nd1 Ra3 18. h3 Ngf6 19. Qb2 Rxd3 0-1

[Event "South Wales New Year 2019"]
[Site "Bridgend"]
[Date "2019.01.04"]
[Round "1.6"]
[White "Pleasants, Allan J"]
[Black "Gay, Simon"]
[Result "1/2-1/2"]
[WhiteElo "2080"]
[BlackElo "2046"]
[PlyCount "67"]
[EventDate "2019.01.04"]
[EventType "swiss"]
[EventRounds "5"]
[EventCountry "WLS"]
[SourceDate "2019.01.05"]

1. d4 Nf6 2. Nf3 g6 3. g3 Bg7 4. Bg2 O-O 5. c4 c5 6. O-O cxd4 7. Nxd4 Nc6 8.
Nc3 Nxd4 9. Qxd4 d6 10. Qd2 Nd7 11. b3 Rb8 12. Bb2 a6 13. Rac1 b5 14. cxb5 axb5
15. Nd5 Bxb2 16. Qxb2 Bb7 17. h4 e6 18. Nb4 Bxg2 19. Kxg2 Rc8 20. Qd2 Qb6 21.
Rfd1 Rxc1 22. Rxc1 Nc5 23. h5 Ne4 24. Qf4 f5 25. hxg6 hxg6 26. e3 g5 27. Qf3
Kg7 28. Qe2 g4 29. Qb2+ Kg6 30. Nd3 e5 31. Qc2 Rf6 32. Qc8 Rf7 33. Nb4 Qb7 34.
Qxb7 1/2-1/2

[Event "South Wales New Year 2019"]
[Site "Bridgend"]
[Date "2019.01.04"]
[Round "1.7"]
[White "Dixon, Chris"]
[Black "Young, Alan"]
[Result "0-1"]
[WhiteElo "1750"]
[BlackElo "2048"]
[PlyCount "114"]
[EventDate "2019.01.04"]
[EventType "swiss"]
[EventRounds "5"]
[EventCountry "WLS"]
[SourceDate "2019.01.05"]

1. Nf3 d5 2. g3 Nf6 3. Bg2 Bg4 4. O-O Nbd7 5. d3 e6 6. Qe1 Bd6 7. Nbd2 c6 8. e4
dxe4 9. dxe4 e5 10. h3 Bxf3 11. Bxf3 O-O 12. Nc4 Be7 13. Bg5 Qc7 14. Rd1 Rad8
15. Qe2 Nc5 16. Bxf6 Bxf6 17. Ne3 Ne6 18. c3 g6 19. Rxd8 Rxd8 20. Rd1 b5 21.
Ng4 Be7 22. Rxd8+ Bxd8 23. Kh2 h5 24. Ne3 Qd6 25. Qd1 Qc5 26. Kg2 Bg5 27. Nc2
h4 28. Nb4 hxg3 29. fxg3 Bd8 30. Nd3 Qd6 31. Nf2 Qe7 32. Qd2 Bb6 33. Nd3 Qd6
34. Qe2 c5 35. Bg4 c4 36. Nb4 Qc5 37. Qf1 Ng5 38. Bf3 Nxf3 39. Kxf3 Qe3+ 40.
Kg2 Qxe4+ 41. Qf3 Qxf3+ 42. Kxf3 f5 43. Nd5 Kf7 44. b3 Ke6 45. Nb4 a5 46. Nc2
cxb3 47. axb3 a4 48. b4 g5 49. Na3 e4+ 50. Ke2 f4 51. gxf4 gxf4 52. Nxb5 f3+
53. Kf1 Kf5 54. c4 Kf4 55. c5 Bd8 56. c6 e3 57. c7 e2+ 0-1

[Event "South Wales New Year 2019"]
[Site "Bridgend"]
[Date "2019.01.04"]
[Round "1.8"]
[White "Fathallah, Joe"]
[Black "Di-Vetta, Andrew"]
[Result "1-0"]
[WhiteElo "1962"]
[BlackElo "1728"]
[PlyCount "75"]
[EventDate "2019.01.04"]
[EventType "swiss"]
[EventRounds "5"]
[EventCountry "WLS"]
[SourceDate "2019.01.05"]

1. b3 e5 2. Bb2 Nc6 3. e3 d5 4. Bb5 Bd6 5. Nf3 Qe7 6. d4 f6 7. dxe5 Bxe5 8.
Nxe5 fxe5 9. Qxd5 Bd7 10. Bxc6 Bxc6 11. Qxe5 Nf6 12. O-O Qxe5 13. Bxe5 O-O-O
14. Nc3 Rd2 15. Rac1 Ne4 16. f3 Nxc3 17. Bxc3 Rd7 18. Rfd1 Rhd8 19. Rxd7 Rxd7
20. Kf2 Kd8 21. Ke1 Ke8 22. Rd1 Rf7 23. e4 g5 24. Ke2 h5 25. Ke3 b6 26. h4 g4
27. Rd2 a5 28. a4 Bb7 29. Be5 Re7 30. Bf6 Re6 31. e5 Rc6 32. fxg4 hxg4 33. Kf4
Kf7 34. Kxg4 Bc8+ 35. Kg5 Be6 36. c4 Bxc4 37. bxc4 Rxc4 38. Kf5 1-0

[Event "South Wales New Year 2019"]
[Site "Bridgend"]
[Date "2019.01.04"]
[Round "1.9"]
[White "Van Kemenade, Julie"]
[Black "Van Kemenade, Rudy"]
[Result "0-1"]
[WhiteElo "1725"]
[BlackElo "1946"]
[PlyCount "54"]
[EventDate "2019.01.04"]
[EventType "swiss"]
[EventRounds "5"]
[EventCountry "WLS"]
[SourceDate "2019.01.05"]

1. e4 e5 2. Bc4 Nf6 3. d3 c6 4. Nd2 d5 5. Bb3 Bc5 6. Ngf3 Nbd7 7. O-O O-O 8. h3
a5 9. c3 b5 10. Re1 Qb6 11. Qe2 b4 12. Bc2 Ba6 13. exd5 cxd5 14. Nb3 e4 15.
Nxc5 Nxc5 16. Ne5 Rfe8 17. c4 exd3 18. Bxd3 Rxe5 19. Bxh7+ Kxh7 20. Qxe5 Re8
21. Qf5+ g6 22. Qf4 Rxe1+ 23. Kh2 Nd3 24. Qh4+ Kg8 25. c5 Qc7+ 26. Bf4 Nxf4 27.
Rxe1 Nd3+ 0-1

[Event "South Wales New Year 2019"]
[Site "Bridgend"]
[Date "2019.01.04"]
[Round "1.10"]
[White "Waterfield, John W"]
[Black "Chong, Kimberly"]
[Result "1-0"]
[WhiteElo "1920"]
[BlackElo "1682"]
[PlyCount "69"]
[EventDate "2019.01.04"]
[EventType "swiss"]
[EventRounds "5"]
[EventCountry "WLS"]
[SourceDate "2019.01.05"]

1. e4 e5 2. Nf3 Nc6 3. Bc4 Bc5 4. c3 Nf6 5. d3 d6 6. Nbd2 Be6 7. b4 Bb6 8. O-O
a6 9. Qb3 Qd7 10. Bb2 O-O 11. d4 exd4 12. cxd4 d5 13. exd5 Nxd5 14. Ne5 Nxe5
15. dxe5 Nf4 16. Bxe6 fxe6 17. Nf3 Qf7 18. g3 Qg6 19. Rad1 h5 20. Kh1 Nh3 21.
Nh4 Nxf2+ 22. Rxf2 Qe4+ 23. Rf3 Rxf3 24. Qxf3 Qc2 25. Qb3 Qe4+ 26. Qf3 Qc2 27.
Rf1 Qxb2 28. Qf7+ Kh8 29. Qxh5+ Kg8 30. Qf7+ Kh7 31. Qh5+ Kg8 32. Ng6 Bf2 33.
Qh8+ Kf7 34. Qxa8 Qe2 35. Rxf2+ 1-0

[Event "South Wales New Year 2019"]
[Site "Bridgend"]
[Date "2019.01.04"]
[Round "1.11"]
[White "Fox, Chris"]
[Black "Jukes, Sam"]
[Result "0-1"]
[WhiteElo "1675"]
[BlackElo "1914"]
[PlyCount "138"]
[EventDate "2019.01.04"]
[EventType "swiss"]
[EventRounds "5"]
[EventCountry "WLS"]
[SourceDate "2019.01.05"]

1. d4 Nf6 2. Nf3 g6 3. Nc3 d5 4. e3 Bg7 5. Be2 O-O 6. O-O b6 7. b3 Bb7 8. Bb2
Nbd7 9. Rc1 e6 10. Nb1 a5 11. a4 Ne4 12. Nfd2 Nxd2 13. Nxd2 e5 14. Ba3 Re8 15.
c3 Qf6 16. Bb5 c6 17. Bd3 e4 18. Bb1 Qg5 19. c4 Rac8 20. Bd6 Bf8 21. Bf4 Qd8
22. Qg4 Nf6 23. Qh4 Nh5 24. Qxd8 Rexd8 25. Bg5 f6 26. Bh4 g5 27. Bg3 Kg7 28. f3
Nxg3 29. hxg3 Bb4 30. Rf2 exf3 31. Nxf3 c5 32. Bf5 Rc7 33. cxd5 Bxd5 34. Rb1
Bxf3 35. gxf3 cxd4 36. Rd1 Rc3 37. exd4 Rxb3 38. Rc2 Bc5 39. Kg2 Rxd4 40. Rxd4
Bxd4 41. Rc7+ Kf8 42. Rxh7 Rb2+ 43. Kh3 Ra2 44. Bd7 Ra3 45. Kg4 Kg8 46. Re7 Bc5
47. Re1 Kg7 48. Rf1 Rd3 49. Bb5 Rd2 50. Re1 Rg2 51. Re2 Rg1 52. Kh3 f5 53. Re6
Bf2 54. g4 Rg3+ 55. Kh2 Rxf3 56. gxf5 Rxf5 57. Re7+ Kf6 58. Re8 Kf7 59. Re2 g4
60. Kg2 g3 61. Re4 Kf6 62. Rh4 Ke5 63. Bd7 Rf6 64. Rh5+ Kd4 65. Bb5 Kc3 66. Rh7
Rf4 67. Rc7+ Kb3 68. Rd7 Rxa4 69. Rd3+ Kb4 0-1

[Event "South Wales New Year 2019"]
[Site "Bridgend"]
[Date "2019.01.04"]
[Round "1.12"]
[White "Robinson, David"]
[Black "Morgans, Justin"]
[Result "1-0"]
[WhiteElo "1912"]
[BlackElo "1653"]
[PlyCount "71"]
[EventDate "2019.01.04"]
[EventType "swiss"]
[EventRounds "5"]
[EventCountry "WLS"]
[SourceDate "2019.01.05"]

1. d4 Nf6 2. Nf3 d5 3. Bf4 e6 4. e3 Bd6 5. Ne5 c5 6. c3 O-O 7. Nd2 Nc6 8. Bd3
Qc7 9. Ndf3 c4 10. Bc2 Bd7 11. O-O b5 12. Nxc6 Bxf4 13. Ne7+ Kh8 14. exf4 Qxf4
15. Ne5 Be8 16. a4 Ne4 17. axb5 Bxb5 18. Ba4 a6 19. Bxb5 axb5 20. Qf3 Qxf3 21.
gxf3 Nd6 22. Ra3 Rxa3 23. bxa3 Ra8 24. Ra1 g6 25. N7c6 Kg7 26. Nd7 h5 27. Nc5
h4 28. Kg2 g5 29. f4 g4 30. f3 gxf3+ 31. Kxf3 Nf5 32. a4 bxa4 33. Rxa4 Rxa4 34.
Nxa4 f6 35. Nc5 Kf7 36. Nd8+ 1-0

[Event "South Wales New Year 2019"]
[Site "Bridgend"]
[Date "2019.01.04"]
[Round "1.13"]
[White "Jaberansari, Daniel"]
[Black "Gay, Conor"]
[Result "0-1"]
[WhiteElo "1382"]
[BlackElo "1900"]
[PlyCount "82"]
[EventDate "2019.01.04"]
[EventType "swiss"]
[EventRounds "5"]
[EventCountry "WLS"]
[SourceDate "2019.01.05"]

1. e4 c5 2. c3 Nf6 3. e5 Nd5 4. Nf3 Nc6 5. d4 cxd4 6. cxd4 g6 7. Nc3 Nxc3 8.
bxc3 d5 9. Be2 Bg7 10. O-O O-O 11. Re1 Na5 12. Bd2 Bd7 13. h3 b5 14. Bd3 Qc7
15. Ng5 e6 16. Rc1 Nc4 17. Bxc4 Qxc4 18. Qb3 Rfc8 19. Qxc4 Rxc4 20. Nf3 Rac8
21. Ra1 R8c6 22. Rab1 Ra6 23. Rb2 Bf8 24. Ra1 Rb6 25. Rab1 Be7 26. Kh1 a5 27.
Kg1 Rb7 28. Kh1 a4 29. Ra1 Ba3 30. Rbb1 Rbc7 31. Rd1 Bb2 32. Rab1 Bxc3 33. Bxc3
Rxc3 34. Ne1 R7c4 35. Ra1 b4 36. Rab1 b3 37. axb3 axb3 38. Rb2 Rc1 39. Rxc1
Rxc1 40. Re2 Bb5 41. Re3 b2 0-1

[Event "South Wales New Year 2019"]
[Site "Bridgend"]
[Date "2019.01.05"]
[Round "2.1"]
[White "Toczek, Grzegorz"]
[Black "Van Kemenade, Rudy"]
[Result "1-0"]
[WhiteElo "2263"]
[BlackElo "1946"]
[Annotator "John"]
[PlyCount "91"]
[EventDate "2019.01.04"]
[EventType "swiss"]
[EventRounds "5"]
[EventCountry "WLS"]
[SourceVersionDate "2019.01.05"]

{[%evp 0,87,16,28,27,27,49,44,86,51,48,38,63,11,23,-6,90,23,38,-13,20,-33,67,
12,41,5,20,-67,-6,-29,-25,-73,-35,-18,-48,-42,91,50,56,33,33,11,21,-45,-45,-96,
-96,-98,-3,-249,-296,-506,-303,-303,-325,-365,-428,-337,-359,-359,-227,-264,
-175,-485,-466,-466,-133,-139,-9,-59,205,223,22,22,33,22,147,147,335,472,409,
409,746,409,433,428,770,775,775,767]} 1. d4 Nf6 2. Nf3 g6 3. Bf4 d6 4. h3 Bg7
5. e3 O-O 6. Be2 Nc6 7. O-O Nd7 8. Bh2 e5 9. c3 f5 10. Nbd2 g5 11. Ne1 f4 12.
Nc2 Nf6 13. Nc4 Qe8 14. dxe5 dxe5 15. Re1 Qg6 16. Nb4 Nxb4 17. cxb4 e4 18. exf4
gxf4 19. Bxf4 Bxh3 20. Bg3 Be6 21. Qc2 Nd5 22. a3 Bd4 23. Qd2 Bxf2+ 24. Bxf2
Nf4 25. Ne3 Nh3+ 26. Kh2 Nxf2 27. Bf3 Qh6+ 28. Kg1 Nh3+ 29. gxh3 Rxf3 30. Re2
Rxh3 31. Rg2+ Kf7 32. Rf1+ Rf3 33. Qc3 Rxf1+ 34. Nxf1 Ke8 35. Qh8+ Qf8 36. Qxh7
Rd8 37. Qxe4 Rd6 38. Qxb7 Bd5 39. Qc8+ Ke7 40. Qxc7+ Rd7 41. Qc5+ Rd6 42. Qxa7+
Rd7 43. Qc5+ Rd6 44. Qc7+ Rd7 45. Qe5+ Be6 46. Rg7+ 1-0

[Event "South Wales New Year 2019"]
[Site "Bridgend"]
[Date "2019.01.05"]
[Round "2.2"]
[White "Heap, Gerry"]
[Black "Waterfield, John W"]
[Result "1/2-1/2"]
[WhiteElo "2103"]
[BlackElo "1920"]
[PlyCount "58"]
[EventDate "2019.01.04"]
[EventType "swiss"]
[EventRounds "5"]
[EventCountry "WLS"]
[SourceDate "2019.01.05"]

1. Nf3 g6 2. g3 Bg7 3. Bg2 d6 4. c4 e5 5. Nc3 f5 6. d3 Nf6 7. Rb1 a5 8. a3 O-O
9. O-O c6 10. b4 axb4 11. axb4 Qe7 12. Qb3 Kh8 13. b5 cxb5 14. Nxb5 Na6 15. Ba3
Rd8 16. Nd2 Nc5 17. Qc2 Be6 18. Nb3 Nfd7 19. Bb4 Nxb3 20. Qxb3 Nc5 21. Bxc5
dxc5 22. Nc3 Rdb8 23. Ra1 Rxa1 24. Rxa1 e4 25. Ra7 exd3 26. exd3 Bxc4 27. Qxc4
Qe1+ 28. Bf1 Qxc3 29. Qf7 b5 1/2-1/2

[Event "South Wales New Year 2019"]
[Site "Bridgend"]
[Date "2019.01.05"]
[Round "2.3"]
[White "Jukes, Sam"]
[Black "Sands, David A"]
[Result "0-1"]
[WhiteElo "1914"]
[BlackElo "2086"]
[PlyCount "58"]
[EventDate "2019.01.04"]
[EventType "swiss"]
[EventRounds "5"]
[EventCountry "WLS"]
[SourceDate "2019.01.05"]

1. e4 c5 2. Nf3 e6 3. d4 cxd4 4. Nxd4 Nc6 5. Nc3 Qc7 6. Be3 a6 7. Qd2 Nf6 8.
O-O-O Be7 9. f3 b5 10. g4 Bb7 11. g5 Nh5 12. Kb1 Nxd4 13. Bxd4 O-O 14. Be3 d5
15. Bd3 Rac8 16. exd5 b4 17. Na4 exd5 18. Bf5 d4 19. Bxd4 Bxf3 20. Bxc8 Rxc8
21. Nb6 Rd8 22. Qe3 Bxd1 23. Rxd1 Nf4 24. Re1 Ne6 25. Qe5 Bd6 26. Qe3 Nxd4 27.
Qxd4 Bc5 28. Nd5 Qd6 29. Qd3 Qxd5 0-1

[Event "South Wales New Year 2019"]
[Site "Bridgend"]
[Date "2019.01.05"]
[Round "2.4"]
[White "Bullen, Alex"]
[Black "Robinson, David"]
[Result "1-0"]
[WhiteElo "2081"]
[BlackElo "1912"]
[PlyCount "31"]
[EventDate "2019.01.04"]
[EventType "swiss"]
[EventRounds "5"]
[EventCountry "WLS"]
[SourceDate "2019.01.05"]

1. d4 d5 2. Nf3 Nf6 3. c4 e6 4. g3 c6 5. Bg2 Bd6 6. O-O Nbd7 7. Nbd2 O-O 8. Qc2
Re8 9. e4 dxe4 10. Ng5 e5 11. Ndxe4 Bf8 12. dxe5 Rxe5 13. Bf4 Re8 14. Rad1 g6
15. Bh3 Qa5 16. Bxd7 1-0

[Event "South Wales New Year 2019"]
[Site "Bridgend"]
[Date "2019.01.05"]
[Round "2.5"]
[White "Young, Alan"]
[Black "Allen, Edwin"]
[Result "1-0"]
[WhiteElo "2048"]
[BlackElo "1335"]
[PlyCount "67"]
[EventDate "2019.01.04"]
[EventType "swiss"]
[EventRounds "5"]
[EventCountry "WLS"]
[SourceDate "2019.01.05"]

1. e4 e5 2. Nf3 Nc6 3. Bb5 Nf6 4. d4 a6 5. Ba4 b5 6. Bb3 d6 7. dxe5 dxe5 8.
Qxd8+ Nxd8 9. Nxe5 Bd6 10. Nd3 Nxe4 11. Bd5 Nxf2 12. Kxf2 c6 13. Re1+ Be6 14.
Bxe6 Nxe6 15. Bf4 Bxf4 16. Nxf4 O-O 17. Nxe6 fxe6+ 18. Ke2 h6 19. Nd2 c5 20.
Rad1 c4 21. c3 Rf5 22. Nf3 Kf7 23. Rd7+ Kf6 24. Nd4 Rd5 25. Rxd5 exd5 26. Kd2
Kf7 27. Re6 a5 28. Rd6 b4 29. Rxd5 b3 30. axb3 cxb3 31. Nxb3 a4 32. Ra5 Rd8+
33. Nd4 Rb8 34. Kc2 1-0

[Event "South Wales New Year 2019"]
[Site "Bridgend"]
[Date "2019.01.05"]
[Round "2.6"]
[White "Gay, Conor"]
[Black "Fathallah, Joe"]
[Result "1-0"]
[WhiteElo "1900"]
[BlackElo "1962"]
[PlyCount "87"]
[EventDate "2019.01.04"]
[EventType "swiss"]
[EventRounds "5"]
[EventCountry "WLS"]
[SourceDate "2019.01.05"]

1. e4 e6 2. d4 d5 3. e5 c5 4. c3 Nc6 5. Nf3 Bd7 6. Be2 Qb6 7. O-O cxd4 8. cxd4
Nge7 9. Na3 Nf5 10. Nc2 Be7 11. a3 a5 12. b3 Qxb3 13. g4 Nh4 14. Nxh4 Bxh4 15.
f4 Qb6 16. Be3 h6 17. Qd3 Qd8 18. f5 Bg5 19. fxe6 Bxe6 20. Bxg5 Qxg5 21. Ne3 h5
22. Rf5 Bxf5 23. Nxf5 O-O 24. h4 Qf4 25. Rf1 Qe4 26. Qd1 g6 27. Bf3 Qf4 28. Bg2
Qxf1+ 29. Kxf1 gxf5 30. gxf5 f6 31. e6 Ne7 32. Qxh5 Rac8 33. Qg4+ Kh7 34. Qf4
Rc6 35. Bf3 Rfc8 36. Qg4 Rc1+ 37. Kf2 R8c2+ 38. Be2 Rh1 39. Qh5+ Kg7 40. Qf7+
Kh6 41. Qxf6+ Kh7 42. Qxe7+ Kh6 43. Qg5+ Kh7 44. Qg2 1-0

[Event "South Wales New Year 2019"]
[Site "Bridgend"]
[Date "2019.01.05"]
[Round "2.7"]
[White "Gay, Simon"]
[Black "Kett, Tim"]
[Result "0-1"]
[WhiteElo "2046"]
[BlackElo "2209"]
[PlyCount "90"]
[EventDate "2019.01.04"]
[EventType "swiss"]
[EventRounds "5"]
[EventCountry "WLS"]
[SourceDate "2019.01.05"]

1. e4 e5 2. f4 d5 3. exd5 c6 4. Qe2 cxd5 5. fxe5 Nc6 6. Nf3 Bg4 7. Qe3 Nh6 8.
Bb5 Nf5 9. Bxc6+ bxc6 10. Qf4 Bxf3 11. gxf3 g6 12. Qa4 Qb6 13. Nc3 Rd8 14. d3
Be7 15. Ne2 Bh4+ 16. Kd1 O-O 17. d4 c5 18. c3 f6 19. f4 cxd4 20. Nxd4 Nxd4 21.
cxd4 Bf2 22. Rb1 Bxd4 23. e6 Rfe8 24. Re1 Bc5 25. b4 Bf2 26. Re2 Rxe6 27. Rbb2
Bd4 28. Rbc2 Ba1 29. Qb3 Qg1+ 30. Kd2 Qd4+ 31. Ke1 Rde8 32. Rxe6 Rxe6+ 33. Kf1
Qd1+ 34. Kg2 Re2+ 35. Rxe2 Qxe2+ 36. Kg3 Qe4 37. Qe3 Bd4 38. Qd2 h5 39. h3 Kf7
40. b5 Ke6 41. Qd1 Be3 42. Bxe3 Qxe3+ 43. Qf3 Qxf3+ 44. Kxf3 g5 45. a4 Kd6 0-1

[Event "South Wales New Year 2019"]
[Site "Bridgend"]
[Date "2019.01.05"]
[Round "2.8"]
[White "Denham, Colin"]
[Black "Pleasants, Allan J"]
[Result "0-1"]
[WhiteElo "1645"]
[BlackElo "2080"]
[PlyCount "51"]
[EventDate "2019.01.04"]
[EventType "swiss"]
[EventRounds "5"]
[EventCountry "WLS"]
[SourceDate "2019.01.05"]

1. Nf3 Nf6 2. d4 d6 3. Bf4 g6 4. Nbd2 Bg7 5. c3 O-O 6. e4 Nc6 7. Qc2 Qe8 8. d5
Nb8 9. Bd3 Nbd7 10. Nb3 e6 11. dxe6 fxe6 12. Bg3 Nh5 13. O-O-O Nf4 14. Bxf4
Rxf4 15. Kb1 a6 16. Rde1 b5 17. h4 c5 18. c4 bxc4 19. Bxc4 Nb6 20. Re2 Nxc4 21.
Qxc4 a5 22. Qd3 Ba6 23. Qxd6 Rxf3 24. gxf3 Bxe2 25. Qxc5 Bxf3 26. Qe3 0-1

[Event "South Wales New Year 2019"]
[Site "Bridgend"]
[Date "2019.01.05"]
[Round "2.9"]
[White "May, Adam J"]
[Black "Dixon, Chris"]
[Result "1/2-1/2"]
[WhiteElo "1894"]
[BlackElo "1750"]
[PlyCount "62"]
[EventDate "2019.01.04"]
[EventType "swiss"]
[EventRounds "5"]
[EventCountry "WLS"]
[SourceDate "2019.01.05"]

1. c4 Nf6 2. g3 g6 3. Bg2 Bg7 4. Nc3 O-O 5. e4 d6 6. Nge2 e5 7. O-O Nc6 8. d3
a6 9. f4 Bg4 10. h3 Bxe2 11. Nxe2 Nd7 12. f5 Rb8 13. Be3 Nd4 14. Qd2 Nxe2+ 15.
Qxe2 c5 16. Qd2 b5 17. g4 b4 18. g5 f6 19. h4 Qe8 20. Bh3 Rb7 21. Kh1 Nb8 22.
Rg1 Nc6 23. Raf1 Nd4 24. h5 gxf5 25. exf5 Qxh5 26. Qg2 Ne2 27. Kh2 Nxg1 28.
Rxg1 fxg5 29. Qxb7 Qe2+ 30. Rg2 Qxe3 31. Qd5+ Kh8 1/2-1/2

[Event "South Wales New Year 2019"]
[Site "Bridgend"]
[Date "2019.01.05"]
[Round "2.10"]
[White "Turner, Joseph David"]
[Black "Van Kemenade, Julie"]
[Result "1-0"]
[WhiteElo "1862"]
[BlackElo "1725"]
[PlyCount "31"]
[EventDate "2019.01.04"]
[EventType "swiss"]
[EventRounds "5"]
[EventCountry "WLS"]
[SourceDate "2019.01.05"]

1. e4 d6 2. d4 Nf6 3. Nc3 c6 4. f3 Qc7 5. Be3 e5 6. Nge2 Be7 7. Qd2 Nbd7 8. g4
Nf8 9. Ng3 Ne6 10. d5 cxd5 11. exd5 Nc5 12. Nb5 Qd7 13. Bxc5 dxc5 14. d6 Bxd6
15. Nxd6+ Ke7 16. Ngf5+ 1-0

[Event "South Wales New Year 2019"]
[Site "Bridgend"]
[Date "2019.01.05"]
[Round "2.11"]
[White "Chong, Kimberly"]
[Black "Borkowski, J Andrew"]
[Result "1/2-1/2"]
[WhiteElo "1682"]
[BlackElo "1835"]
[PlyCount "68"]
[EventDate "2019.01.04"]
[EventType "swiss"]
[EventRounds "5"]
[EventCountry "WLS"]
[SourceDate "2019.01.05"]

1. e4 d6 2. d4 Nf6 3. Nc3 e5 4. dxe5 dxe5 5. Qxd8+ Kxd8 6. Bc4 Bb4 7. Bd2 Ke7
8. f3 Be6 9. Bd3 Nbd7 10. Nge2 Rhd8 11. a3 Bd6 12. b4 c6 13. O-O Nb6 14. f4 Nc4
15. Bc1 exf4 16. Nxf4 Ne5 17. Nxe6 Kxe6 18. Rd1 Rd7 19. Ne2 Rad8 20. Nd4+ Ke7
21. Nf5+ Kf8 22. Bg5 Nxd3 23. Rxd3 Be5 24. Rad1 Rxd3 25. Rxd3 Rxd3 26. cxd3 Bb2
27. Bxf6 Bxf6 28. a4 b5 29. axb5 cxb5 30. Ne3 Ke8 31. Nd5 Bd4+ 32. Kf1 Kd7 33.
Ke2 Kd6 34. Kf3 f6 1/2-1/2